000 00604nam 22002293 4500
001 200099
010 _a972-662-981-0
021 _aPT
_b213293/2004
090 _a200099
100 _a20260121d u||y0pory50 ba
200 _aLar, doce escritório
_fBrian Basset
_gtradução Jorge Lima
205 _a
210 _aLisboa
_cGradiva
_d2004
215 _a122 p.
_cil. , brochado
_d23 cm
225 _aAdam
606 _91586
_aDesenho Artístico
610 _aBanda Desenhada
675 _a74
_vPT
_zpor
700 _915190
_aBasset
_bBrian
_f1957-
801 _aPT
_bBMMN
_gRPC
830 _cIsabel
990 _cLIVROS